000 00727nam a2200229Ia 4500
003 OSt
005 20220923224801.0
006 a|||||r|||| 00| 0
007 ta
008 220922b |||||||| |||| 00| 0 hin d
024 _a250,141
037 _cTextual
040 _aARTS
_cARTS
_bhin
041 _2hin
_ahin
082 _aO15,2E75,1:g, 152K2
100 _aसरोज
245 0 _aप्रबोधचंद्रोदय और उसकी हिंदी परंपरा
246 _aPrabodhachandrodaya aur usakī hiandī paranparā
650 _aहिन्दी साहित्य
_9156264
942 _hO15,2E75,1:g, 152K2
_cTEXL
_2CC
999 _c373602
_d373602